000 00794nam a2200217Ia 4500
999 _c38523
_d38523
001 4624
003 GE_BSU
005 20190521184024.0
008 181216s1 ||||ge |||||||||||||| ||geo||
040 _cGE_BSU
041 _ageo
080 _a331.1(075) ბ-89
100 _aბოჭორიშვილი, ნ.
_91201
245 _aშრომის დაცვა. ნაწ. 1. სახელმძღვ. /
_cნ.ბოჭორიშვილი ; რედ : მ.ძიძიგური.
264 _aთბილისი :
_bტექნ. უნ-ტი,
_c1997.
300 _a149 გვ .:
_c20 სმ.
541 _h7 ლ.
653 _aშრომის დაცვა.
700 _aძიძიგური,მ
_eრედაქტორი
_91477
942 _cBK
_2udc